00665nam a2200205 a 450000100060000000300090000600800410001502000150005604000280007108200190009910000300011824500170014826000380016530000110020349000470021465000260026194200120028799900170029995201430031623239CO-ViMGA141112s2004 ck r 000 u spa d a9584209914 aCO-ViMGAbspacCO-ViMGA aU863.44 O537a11 aOnetti, Juan Carlos9658110aEl Astillero aColombia : bEspasa Calpe, c2006 a206 p. aBiblioteca hispanoAméricana del siglo XX14aNovela Uruguaya95337 2ddccBK c11641d11641 00102ddc40708001aMEVIGACOMbMEVIGACOMd2015-12-04h07/jul/2010l0oU863.44 O537a1 p23407r2015-12-04 00:00:00tEj. 1w2015-12-04yBK